000 00693cam a22002413a 4500
001 25327
003 PGUSA
005 20140828083538.0
008 080505s2008||||xxu|||||s|||||000 1 eng d
040 _aPGUSA
_beng
042 _adc
050 4 _aPL
100 1 _aWenkang, active 1842-1851
245 1 0 _a兒女英雄傳
_h[electronic resource] /
_cactive 1842-1851 Wenkang
260 _bProject Gutenberg,
_c2008
506 _aPublic domain in the USA.
516 _aElectronic text
653 _aChinese fiction -- Qing dynasty, 1644-1912
740 0 _aEr nü ying xiong zhuan
830 0 _aProject Gutenberg
_v25327
856 4 0 _uhttp://www.gutenberg.org/ebooks/25327
942 _cEB
999 _c254582
_d254582